000 00445cam a22001577a 4500
008 180718b1989 xxu||||| |||| 00| 0 eng d
020 _a8170230438
082 _aT1 Ag15
245 _aAlternative economic structures
_cedited by B.L. Agarwal
260 _aShimla
_bIndian Institute of Advanced Study
_c1989
300 _a423p.
650 _aCentral Planning
650 _aEconomic Development
650 _aEconomics
700 _aAgarwal, B.L.
999 _c376716
_d376716